La iglesia en los Hechos de los Apóstoles (Registro nro. 70147)
[ vista simple ]
| 000 -LÍDER | |
|---|---|
| Campo fijo de descripción fija | 01510nab a2200217 i 4500 |
| 001 - NÚMERO DE CONTROL | |
| Campo de control | 768714001 |
| 003 - IDENTIFICADOR DEL NÚMERO DE CONTROL | |
| Campo de control | CO-MdFUSB |
| 005 - FECHA Y HORA DE LA ULTIMA TRANSACCIÓN | |
| control field | 20240612095108.0 |
| 008 - ELEMENTOS DE LONGITUD FIJA -- INFORMACIÓN GENERAL | |
| Campo fijo de descripción fija -- Información general | 240612t1959 sp ||||| |||| 00| 0 spa d |
| 040 ## - FUENTE DE CATALOGACIÓN | |
| Idioma de catalogación | spa |
| Agencia que realiza la transcripción | CO-MdFUSB |
| Agencia que realiza la modificación | CO-MdFUSB |
| 041 ## - CÓDIGO DE IDIOMA | |
| Código de idioma para texto/pista de sonido o título separado | spa |
| 100 ## - ASIENTO PRINCIPAL--NOMBRE PERSONAL | |
| Nombre personal | Turrado, Lorenzo, |
| Fechas asociadas con el nombre | 1910-2003 |
| Término relacionador | autor |
| 245 #3 - TÍTULO | |
| Título | La iglesia en los Hechos de los Apóstoles |
| Mención de responsabilidad | / Lorenzo Turrado |
| 520 ## - NOTA DE RESUMEN, ETC. | |
| Nota de sumario, etc. | El tema es de suma importancia. Ningún otro libro, como el de los Hechos, nos suministra material tan abundante y de primera mano sobre los primeros pasos de Ia vida de Ia Iglesia. Las mismas cartas de San Pablo, con ser también de valor incalculable bajo este aspecto, suponen ya esa Iglesia constituida y en marcha, aparte de que las cartas, por su misma naturaleza, dejan muchos huecos sin llenar, encaminadas como están hacia Io doctrinal y no hacia Io histórico.<br/>Es el libro de los Hechos el que nos permite formar una idea más completa del nacimiento de Ia Iglesia y de su maravilloso desarrollo. Su estudio es complemento necesario del de los Evangelios. En éstos se nos dice cómo concebía Cristo a su Iglesia |
| 630 07 - PUNTO DE ACCESO ADICIONAL DE MATERIA - TÍTULO UNIFORME | |
| Título uniforme | Biblia. |
| Parte o sección de la obra | Hechos |
| Subdivisión de materia general | Crítica, interpretación, etc. |
| 650 #0 - ASIENTO SECUNDARIO DE MATERIA - TERMINO TEMÁTICO | |
| Término temático o nombre geográfico como elemento de entrada | Historia de la Iglesia |
| 9 (RLIN) | 153 |
| 650 #7 - ASIENTO SECUNDARIO DE MATERIA - TERMINO TEMÁTICO | |
| Término temático o nombre geográfico como elemento de entrada | Hermenéutica bíblica |
| 9 (RLIN) | 7333 |
| 773 0# - ASIENTO DE ITEM FUENTE | |
| Biblionumber | 70126 |
| Itemnumber | 82747 |
| Lugar, editorial y fecha de publicación | Salamanca, España : |
| Otro identificador del ítem | R2622 |
| Título | Salmanticensis |
| Número de control del registro | (CO-MdFUSB)768714001 |
| Parte(s) relacionada(s) / Volumen., número. (mes año), páginas | Volumen 6, (fascículo 1, 1959) páginas: 3 - 35 |
| Enumeración y primera página | página: 3 |
| 942 ## - TIPO DE MATERIAL (KOHA) | |
| Tipo de Item KOHA | Artículos de Revista |
| 945 ## - INFORMACIÓN LOCAL DEL REGISTRO | |
| Catalogador | Catherine Arias Álvarez - Practicante SENA |
No hay ítems disponibles.
